Perspektívy malých a stredných podnikov po vstupe Slovenska do eurozóny - vzdelávanie a ekonomika zborník z medzinárodnej vedeckej konferencie usporiadanej Katedrou služieb a cestovného ruchu Obchodnej fakulty a neziskovou organizáciou Bakalár Nové Zámky, n.o.

Uložené v:
Podrobná bibliografia
Korporácia: Perspektívy malých a stredných podnikov po vstupe Slovenska do eurozóny - vzdelávanie a ekonomika. Medzinárodná vedecká konferencia, Obchodná fakulta EU. Katedra služieb a cestovného ruchu - zrušené
Ďalší autori: Strážovská, Helena, Lipková, Ľudmila, Štefko, Róbert, Plesník, Pavol, 1956-
Médium: Kniha
Jazyk:Slovak
Czech
Vydavateľské údaje: Nové Zámky Vydavateľstvo IN DESIGN 2009
Predmet:
Tagy: Pridať tag
Žiadne tagy, Buďte prvý, kto otaguje tento záznam!

MARC

LEADER 00000nam$a2200000$$$4500
001 0103242
005 20240502072124.7
020 |a 978-80-969389-9-5 
041 0 |a slo 
041 0 |a cze 
044 |a SK 
245 1 0 |a Perspektívy malých a stredných podnikov po vstupe Slovenska do eurozóny - vzdelávanie a ekonomika  |b zborník z medzinárodnej vedeckej konferencie usporiadanej Katedrou služieb a cestovného ruchu Obchodnej fakulty a neziskovou organizáciou Bakalár Nové Zámky, n.o.  |c zostavila Helena Strážovská 
264 1 |a Nové Zámky  |b Vydavateľstvo IN DESIGN  |c 2009 
300 |a 123 s. 
610 2 0 |a podnik malý 
610 2 0 |a podnik stredný 
610 2 0 |a vzdelávanie 
610 2 0 |a ekonómia 
610 2 0 |a Slovensko 
610 2 0 |a Európska únia 
700 1 |a Strážovská, Helena 
700 1 |a Lipková, Ľudmila 
700 1 |a Štefko, Róbert 
700 1 |a Plesník, Pavol, 1956- 
110 2 |a Perspektívy malých a stredných podnikov po vstupe Slovenska do eurozóny - vzdelávanie a ekonomika. Medzinárodná vedecká konferencia 
710 2 |a Obchodná fakulta EU. Katedra služieb a cestovného ruchu - zrušené